Paite/Tedim pau a laibu neihzah suina: (Record no. 8781)
[ view plain ]
| 000 -LEADER | |
|---|---|
| fixed length control field | 00597nam a22001937a 4500 |
| 003 - CONTROL NUMBER IDENTIFIER | |
| control field | GBCCL |
| 005 - DATE AND TIME OF LATEST TRANSACTION | |
| control field | 20241126110658.0 |
| 008 - FIXED-LENGTH DATA ELEMENTS--GENERAL INFORMATION | |
| fixed length control field | 211011b ||||| |||| 00| 0 eng d |
| 020 ## - INTERNATIONAL STANDARD BOOK NUMBER | |
| International Standard Book Number | 9789354374555 |
| 040 ## - CATALOGING SOURCE | |
| Transcribing agency | gbc |
| 082 ## - DEWEY DECIMAL CLASSIFICATION NUMBER | |
| Classification number | 010.44 |
| Item number | PAI |
| 240 ## - | |
| -- | Bibliography of Paite/Tedim printed books and periodicals |
| 245 ## - TITLE STATEMENT | |
| Title | Paite/Tedim pau a laibu neihzah suina: |
| Remainder of title | Bibliography / |
| Statement of responsibility, etc. | compiled and edited by Tualchin Neihsial |
| 250 ## - EDITION STATEMENT | |
| Edition statement | Revised and updated |
| 260 ## - PUBLICATION, DISTRIBUTION, ETC. | |
| Place of publication, distribution, etc. | Hiangtam Lamka: |
| Name of publisher, distributor, etc. | PLS, |
| Date of publication, distribution, etc. | 2020 |
| 300 ## - PHYSICAL DESCRIPTION | |
| Extent | 191p.; |
| 650 ## - SUBJECT ADDED ENTRY--TOPICAL TERM | |
| Topical term or geographic name entry element | Bibliography |
| Form subdivision | Paite |
| General subdivision | Tedim |
| 9 (RLIN) | 15443 |
| 942 ## - ADDED ENTRY ELEMENTS (KOHA) | |
| Source of classification or shelving scheme | Dewey Decimal Classification |
| Koha item type | Books |
| Withdrawn status | Lost status | Source of classification or shelving scheme | Damaged status | Not for loan | Home library | Current Library | Shelving location | Date acquired | Total checkouts | Full call number | Barcode | Date last seen | Copy number | Price effective from | Koha item type |
|---|---|---|---|---|---|---|---|---|---|---|---|---|---|---|---|
| Dewey Decimal Classification | GRACE BIBLE COLLEGE | GRACE BIBLE COLLEGE | Vernacular | 2021-10-11 | VER 010.44 PAI | 004641 | 2025-05-01 | c.1 | 2021-10-11 | Books | |||||
| Dewey Decimal Classification | GRACE BIBLE COLLEGE | GRACE BIBLE COLLEGE | Vernacular | 2021-10-11 | VER 010.44 PAI | 004642 | 2025-05-01 | c.2 | 2021-10-11 | Books | |||||
| Dewey Decimal Classification | GRACE BIBLE COLLEGE | GRACE BIBLE COLLEGE | Vernacular | 2021-10-11 | VER 010.44 PAI | 004643 | 2025-05-01 | c.3 | 2021-10-11 | Books |